000 00957nam a2200217 i 4500
001 181199
003 ES-MaACL
005 20230906221310.0
008 121031s1915 sp |||| | spa d
100 1 _aMartínez-Risco y Macías, Manuel.
_978363
245 1 3 _aLa asimetría de los tripletes de Zeeman /
_cpor Manuel Martínez-Risco y Macías.
260 _aMadrid :
_bJunta para Ampliación de Estudios e Investigaciones Científicas,
_c1915.
300 _aP. [197]-248, [1] h. de lám. :
_bil. ;
_c23 cm.
490 1 _aAnales de la Junta para Ampliación de Estudios e Investigaciones ;
_vt. 15, memoria 6
504 _aBibliografía: p. [245]-247.
650 4 _aEspectroscopia.
_9143481
710 2 _aJunta para la Ampliación de Estudios e Investigaciones Científicas.
_95413
830 0 _aAnales de la Junta para Ampliación de Estudios e Investigaciones ;
_vt. 15, memoria 6
_9224707
852 _aES-MaACL
_jB-13171(6)
999 _c181199
_d181199